1000 miles lyrics - Statistics

General Stats
  • This quiz has been taken 49 times
  • The average score is 12 of 15
Answer Stats
Hint Answer % Correct
Makin my way ________ Downtown
98%
If I could fall into the ___ Sky
93%
Cuz you know I'd walk ____ _____ 1000 miles
91%
If I could just see you _______ it's always times like these Tonight
88%
Cuz I need you and i ____ ___ and now I wonder Miss you
86%
But I ____ ___ and I miss you and now I wonder Need you
86%
Do you think ____ would pass me by Time
86%
If I could ____ into the sky do you think time would pass us by Fall
81%
Cuz you know I'd walk 1000 miles if I could ____ ___ ___ Just see you
81%
Staring blankly ahead Just makin my way through ___ _____ The crowd
81%
Walkin fast _____ ____ and I'm home bound Faces pass
74%
when I think of you and I wonder if you ever _____ __ __ Think of me
74%
If I could ____ ____ ___ tonight Just hold you
67%
Cuz everything is so _____ and I dont belong Wrong
60%
Living in your ________ ________ precious memories
47%
No matching quizzes found
Score Distribution
Percent of People with Each Score
Percentile by Number Answered
Your Score History
You have not taken this quiz